Biên pháp quản lý hoạt động dạy học tiếng anh tại trường đại học Đông Á Đà Nẵng

Cơ sở lí luận của công tác quản lý hoạt động dạy học tiếng anh ở trường đại học. Thực trạng quản lý hoạt động dạy học tiếng anh ở trường đại học Đông Á Đà Nẵng. Các biện pháp quản lý hoạt động dạy học tiếng anh ở trường đại học Đông Á Đà Nẵng....

Full description

Saved in:
Bibliographic Details
Main Author: Phan, Thị Ngọc Liên
Other Authors: Phùng Đình Mẫn T.S (Hướng dân)
Format: Book
Language:Vietnamese
Published: Đại học Đà Nẵng ĐH Sư phạm 2012
Subjects:
Tags: Add Tag
No Tags, Be the first to tag this record!
Institutions: Mạng thư viện Đại học Đà Nẵng
LEADER 01695nam a2200349 4500
001 000012669
003 8977
005 20120224100248.0
008 120224s2012 viesd
041 |a vie 
072 |a Luận văn Thạc sĩ 
082 |a 378.1068  |b PH-L 
100 |a Phan, Thị Ngọc Liên 
245 |a Biên pháp quản lý hoạt động dạy học tiếng anh tại trường đại học Đông Á Đà Nẵng  |c Phan Thị Ngọc Liên 
260 |a Đại học Đà Nẵng  |b ĐH Sư phạm  |c 2012 
300 |a 107 tr,.  |c 29 cm  |e CD. Tóm tắt 
500 |a Luận văn Thạc sĩ khoa học. Chuyên ngành: Quản lý giáo dục. Mã số: 60.14.05 
520 |a Cơ sở lí luận của công tác quản lý hoạt động dạy học tiếng anh ở trường đại học. Thực trạng quản lý hoạt động dạy học tiếng anh ở trường đại học Đông Á Đà Nẵng. Các biện pháp quản lý hoạt động dạy học tiếng anh ở trường đại học Đông Á Đà Nẵng. 
653 |a Quản lý hoạt động 
653 |a Dạy học tiếng Anh 
653 |a Đông Á Đà Nẵng 
700 |a Phùng Đình Mẫn  |c T.S  |e Hướng dân 
OWN |a LSP 
AVA |a UDN50  |b LSP  |d 378.1068 PH-L  |e available  |t Error 5001 Not defined in file expand_doc_bib_avail.  |f 1  |g 0  |h N  |i 0  |k 1 
999 |a From the UDN01 
AVA |a UDN50  |b LSP  |d 378.1068 PH-L  |e available  |t Error 5001 Not defined in file expand_doc_bib_avail.  |f 1  |g 0  |h N  |i 0  |k 1 
TYP |a Monograph 
TYP |a Printed language 
980 |a Mạng thư viện Đại học Đà Nẵng